书目信息 |
| 题名: |
DSP原理与应用
|
|
| 作者: | 胡圣尧 主编 | |
| 分册: | ||
| 出版信息: | 南京 东南大学出版社 2008.07 |
|
| 页数: | 219页 | |
| 开本: | 26cm | |
| 丛书名: | 新世纪电子信息课程系列规划教材 | |
| 单 册: | ||
| 中图分类: | TN911.72 , TP332 | |
| 科图分类: | ||
| 主题词: | 数字信号--shu zi xin hao--信号处理--高等学校--教材 , 数字信号--shu zi xin hao--微处理器--教材 | |
| 电子资源: | ||
| ISBN: | 978-7-5641-1217-2 | |
| 000 | 01161nam 2200289 450 | |
| 001 | 012009079099 | |
| 005 | 20090621175027.01 | |
| 010 | @a978-7-5641-1217-2@dCNY26.00 | |
| 100 | @a20090621d2008 km y0chi0120 ea | |
| 101 | 0 | @achi |
| 102 | @aCN@b320000 | |
| 105 | @aak a 000yy | |
| 106 | @ar | |
| 200 | 1 | @aDSP原理与应用@ADSP yuan li yu ying yong@f胡圣尧主编@Fhu sheng yao zhu bian |
| 210 | @a南京@c东南大学出版社@d2008.07 | |
| 215 | @a219页@c图@d26cm | |
| 225 | 2 | @a新世纪电子信息课程系列规划教材@Axin shi ji dian zi xin xi ke cheng xi lie gui hua jiao cai |
| 320 | @a有书目 | |
| 330 | @a本书以TMS320C5402为例,系统的介绍了′C54X系列DSP控制芯片的硬件结构、系统寻址方式、指令系统软件开发环境及软件开发过程、汇编语言程序设计、开发环境及C/C++程序开发、′C54的硬件电路设计、′C54X的片上外设以及C5402应用举例。 | |
| 410 | 0 | @12001 @a新世纪电子信息课程系列规划教材 |
| 606 | 0 | @a数字信号@Ashu zi xin hao@x信号处理@x高等学校@j教材 |
| 606 | 0 | @a数字信号@Ashu zi xin hao@x微处理器@j教材 |
| 690 | @aTN911.72@v4 | |
| 690 | @aTP332 @v4 | |
| 701 | 0 | @a胡圣尧@Ahu sheng yao@4主编 |
| 801 | 0 | @aCN@bQSSK@c20090621 |
| 905 | @b744673-75@dTN911.72@eH508@f3 | |
| DSP原理与应用/胡圣尧主编.-南京:东南大学出版社,2008.07 |
| 219页:图;26cm.-(新世纪电子信息课程系列规划教材) |
| ISBN 978-7-5641-1217-2:CNY26.00 |
| 本书以TMS320C5402为例,系统的介绍了′C54X系列DSP控制芯片的硬件结构、系统寻址方式、指令系统软件开发环境及软件开发过程、汇编语言程序设计、开发环境及C/C++程序开发、′C54的硬件电路设计、′C54X的片上外设以及C5402应用举例。 |
| ● |
| 相关链接 |
|
|
|
正题名:DSP原理与应用
索取号:TN911.72/H508
 
预约/预借
| 序号 | 登录号 | 条形码 | 馆藏地/架位号 | 状态 | 备注 |
| 1 | 744673 | 207446735 | 自科二线404/301自科库 27排3列3层/ [索取号:TN911.72/H508] | 在馆 | |
| 2 | 744674 | 207446744 | 自科库301/301自科库 35排3列3层/ [索取号:TN911.72/H508] | 在馆 | |
| 3 | 744675 | 207446753 | 自科库301/301自科库 35排3列3层/ [索取号:TN911.72/H508] | 在馆 |